000
00225nam a22000857a 4500
008
170606b xxu||||| |||| 00| 0 eng d
100
_9
3293
_a
Singlal. V
245
_a
From Land to Sea
260
_a
New Delhi
_b
National Book trust
_c
2004
999
_c
6610
_d
6610